| 000 | 00971nam a22002777a 4500 | ||
|---|---|---|---|
| 003 | DO-SdBPM | ||
| 005 | 20250110094358.0 | ||
| 008 | 160627b 2003 mx ||| |||| 00| 0 spa d | ||
| 020 | _a9681912160 | ||
| 040 |
_aDO-SdBPM _bspa _cBPMSU |
||
| 082 | 4 |
_a927.82 _bS859a 2003 _222 |
|
| 100 | 1 |
_aSting _c |
|
| 245 | 1 | 0 |
_aBroken music : _bautobiografía / _cSting ; traducción de Fernando Álvarez del Castillo y María Andrea Giovine Yañez |
| 260 |
_aMéxico , D.F.: _bAguilar, _c2003 |
||
| 300 |
_a367 p. ; _c24 cm |
||
| 500 | _aIncluye referencias bibliográficas y notas al pie de las páginas | ||
| 590 | _aInventariado, 2025/VM | ||
| 600 | 1 | 4 |
_aSTING. _c |
| 650 | 4 |
_aMúsicos ingleses _vBiografías _z |
|
| 650 | 4 | _aMúsicos de rock | |
| 651 | 4 |
_aInglaterra _vBiografías |
|
| 700 | 1 |
_aÁlvarez del Castillo, Fernando _etraductor |
|
| 700 | 1 |
_aGiovine Yañez, María Andrea _etraductora |
|
| 910 | _aVMateo V. Control de calidad. BPMSU | ||
| 942 |
_2ddc _cBK |
||
| 999 |
_c10590 _d10590 |
||